000 01068nam a22002657a 4500
005 20151006020003.0
008 s2010 ck r 000 spa d
020 _a9789588593173
040 _aCO-BoIAVH
_cCO-BoIAVH
041 0 _aspa
044 _ack
082 0 4 _a581.9861
_bM46e
100 1 _aMaya-Lastra, Carlos Alonso
245 1 0 _aEuphorbiaceae del Quindío /
_cCarlos Alonso, Maya-Lastra y Carlos Alberto, Agudelo-Henao
260 _aArmenia (Colombia):
_bUniversidad del Quindío,
_c2010.
300 _a94 páginas :
_bilustraciones algunas a color ;
_c24 cm.
504 _aIncluye referencias bibliográficas (páginas 88-94).
650 6 _aPlantas
_zQuindío (Departamento, Colombia)
650 6 _aPlantas
_xespecies
_zQuindío (Departamento, Colombia)
650 6 _aFlora
_zQuindío (Departamento, Colombia)
650 6 _aFlora
_xespecies
_zQuindío (Departamento, Colombia)
650 6 _aBotánica
_zQuindío (Departamento, Colombia)
700 1 _aAgudelo Henao, Carlos Alberto
942 _2ddc
_cLIBRO
_01
999 _c7540
_d7540